000 00686cab a2200217 4500
001 WB3519-58
008 090401t1999 xxu||||| |||| 00| 0 eng d
035 _a(Sirsi) u93394
041 _aeng
245 _aMarch output raises fears
260 _c1999
350 _a0
490 _aFarmers' Weekly
_v130(20) 14 May 1999, 24(1)
520 _aHigher than expected milk production in March has led to fears that the UK quota will be exceeded in the 1998/99 milk year. April saw similar higher than expected production levels.
650 _aDAIRY FARMING
650 _aMILK PRODUCTION
650 _aMILK QUOTAS
690 _aRURAL PRACTICE
942 _n0
948 _c18/05/1999
999 _c59197
_d59197